Religión y moral: segundo año

Gardado en:
Detalles Bibliográficos
Autor Principal: Pueyo Salamero, Sebastián (Author)
Formato: Libro
Idioma:Lingua castelá
Publicado: Barcelona Ministerio de Instrucción Pública y Bellas Artes 1928
Edición:1a. ed
Subjects:
Tags: Engadir etiqueta
Sen Etiquetas, Sexa o primeiro en etiquetar este rexistro!

MARC

LEADER 00000cam a2200000 a 4500
001 UCD0825
003 CL-VaPUC
008 151218e19280000sp |||||||||||||||||spa|d
082 0 4 |a 200  |b PUE  |2 21 
100 0 |a Pueyo Salamero, Sebastián  |e author  |9 583850 
245 1 0 |a Religión y moral: segundo año 
250 |a 1a. ed 
300 |a 231 p 
942 |c BK 
945 |d 20151218 14:15:00  |a gsalatino 
260 |a Barcelona  |b Ministerio de Instrucción Pública y Bellas Artes  |c 1928 
650 0 |a Religión   |9 255164 
650 0 |a Moral cristiana  |9 464237 
650 0 |a Ética  |9 255099 
650 7 |a CONCEPTOS  |2 CL-VaPUC  |9 334983 
650 0 |a Enseñanza de la religión  |9 432005 
583 |a last modification  |c 20151218 14:15:00  |k Rodrigo Vera 
999 |c 362262  |d 362260 
952 |0 0  |1 0  |3 erd  |4 0  |6 200_000000000000000_PUE_1928  |7 0  |8 P  |9 473314  |a BIBTEO  |b BIBTES  |c TEO_FTES  |i 5273595  |o 200 PUE 1928  |p 5273595  |r 2024-01-18  |w 2019-11-24  |y BK  |z Catalogado en:20151218  |k ICR